UBT Library

ENVIRONMENTAL GEOLOGY (Record no. 59140)

000 -LEADER
fixed length control field 00340nam a22001457a 4500
008 - FIXED-LENGTH DATA ELEMENTS--GENERAL INFORMATION
fixed length control field 221208b ||||| |||| 00| 0 eng d
020 ## - INTERNATIONAL STANDARD BOOK NUMBER
International Standard Book Number 9780078096075
041 ## - LANGUAGE CODE
Language code of text/sound track or separate title eng
080 ## - UNIVERSAL DECIMAL CLASSIFICATION NUMBER
Edition identifier SECOND EDITION
Universal Decimal Classification number 339.9
082 ## - DEWEY DECIMAL CLASSIFICATION NUMBER
Classification number 339.9REI
100 ## - Rafti
Rafti 24.1
101 ## - Shkurtesa
Shkurtesa GEOLO
245 ## - TITLE STATEMENT
Title ENVIRONMENTAL GEOLOGY
Statement of responsibility, etc REICHARD S.J
942 ## - ADDED ENTRY ELEMENTS (KOHA)
Source of classification or shelving scheme
Item type Books
Holdings
Withdrawn status Lost status Source of classification or shelving scheme Damaged status Not for loan Collection code Permanent location Current location Date acquired Total Checkouts Full call number Barcode Date last seen Price effective from Koha item type
          Koleksioni i përgjithshem UBT - Lipjan UBT - Lipjan 12/08/2022   339.9REI 002-8000287002601034 12/08/2022 12/08/2022 Books
UBT Library © 2015-2024. All rights reserved University Education for Business and Technology